Oeuvres completes D'Horacio, de Juvénal (Registro nro. 87661)

Detalles MARC
000 -ENCABEZADO
Número de control [NR] 00592nam a22001817a 4500
008 - DE LONGITUD FIJA DE DATOS DE ELEMENTOS - INFORMACIÓN GENERAL
Elementos de longitud fija [NR] 130821s1869 fr gr fre
040 ## - FUENTE DE CATALOGACION [NR]
Agencia de catalogación original [NR] Co-BoUCM
Idioma de catalogación [NR] spa
041 00 - CODIGO DE IDIOMA [R]
Código de idioma para texto/pista de sonido o título separado [R] Francés
245 00 - MENCION DE TITULO [NR]
Título [NR] Oeuvres completes D'Horacio, de Juvénal
260 ## - PUBLICACION, DISTRIBUCION, ETC. (PIE DE IMPRENTA) [R]
Lugar de publicación, distribución, etc. [R] París (Francia)
Nombre del editor, distribuidor, etc. [R] Chez Firmin Didot Fréres
Fecha de publicación, distribución, etc. [R] 1869
300 ## - DESCRIPCION FISICA [R]
Extensión [R] 815 páginas
490 ## - MENCION DE SERIE [R]
Mención de serie [R] Auteurs Latins
650 04 - ASIENTO SECUNDARIO DE MATERIA - TERMINO TEMATICO [R]
Término temático o nombre geográfico como elemento de entrada [NR] Colecciones de escritos
9 (RLIN) 11112
650 04 - ASIENTO SECUNDARIO DE MATERIA - TERMINO TEMATICO [R]
Término temático o nombre geográfico como elemento de entrada [NR] Poetas latinos
9 (RLIN) 21876
650 04 - ASIENTO SECUNDARIO DE MATERIA - TERMINO TEMATICO [R]
Término temático o nombre geográfico como elemento de entrada [NR] Poetas latinos
Subdivisión de forma [R] Colecciones de escritos
9 (RLIN) 21876
942 ## - ELEMENTOS DE ENTRADA AGREGADOS (KOHA)
Tipo de ítem principal el descrito en 300a Libro
Tema principal Arte
Edición 1
Parte restante de la signatura top. O38
Título oculto en OPAC No
Sistema de clasificación DEWEY
Clasificación 782.1
Existencias
Signatura topográfica Código de barras Última vez visto Ejemplar Price effective from Tipo de ítem Perdido Sistema de clasificación Dañado No prestable Tipo de ítem específico Suprimido Ubicación habitual Ubicación actual Localización Fecha de creación Forma de adquisición Costo
FCS 782.1 O38 120000917 09/07/2012 Ej.1 03/02/2013 Libro   DEWEY     Fondos especiales     Archivo Histórico Archivo histórico 28/02/2003 Donación 1000.00